19th century cast-iron beams: their design, manufacture and reliability (Record no. 6792)
[ view plain ]
| 000 -LEADER | |
|---|---|
| fixed length control field | 01055cab a2200229 4500 |
| 001 - CONTROL NUMBER | |
| control field | ABS54483 |
| 008 - FIXED-LENGTH DATA ELEMENTS--GENERAL INFORMATION | |
| fixed length control field | 090401t1996 xxu||||| |||| 00| 0 eng d |
| 035 ## - SYSTEM CONTROL NUMBER | |
| System control number | (Sirsi) u10701 |
| 041 ## - LANGUAGE CODE | |
| Language code of text/sound track or separate title | eng |
| 100 ## - MAIN ENTRY--PERSONAL NAME | |
| Personal name | Swailes, T. |
| 245 ## - TITLE STATEMENT | |
| Title | 19th century cast-iron beams: their design, manufacture and reliability |
| 260 ## - PUBLICATION, DISTRIBUTION, ETC. | |
| Date of publication, distribution, etc. | 1996 |
| 350 ## - PRICE (NR) (BK AM CF MU VM SE) [OBSOLETE] | |
| Price | 0 |
| 490 ## - SERIES STATEMENT | |
| Series statement | Proceedings of the Institution of Civil Engineers |
| Volume/sequential designation | February 1996, 25-35(11) |
| 520 ## - SUMMARY, ETC. | |
| Summary, etc. | Describes 19th century practice in the design, manufacturing and testing of cast-iron beams and, by analysing contemporary reports of structural failures, shows that decline in the use of these beams had less to do with mistrust of the material by engineers than was popularly believed. Use of these beams is considered in the context that they are still in service in many public buildings, textile mills and warehouses. |
| 650 ## - SUBJECT ADDED ENTRY--TOPICAL TERM | |
| Topical term or geographic name entry element | CAST IRON BEAMS |
| 650 ## - SUBJECT ADDED ENTRY--TOPICAL TERM | |
| Topical term or geographic name entry element | CAST IRON |
| 650 ## - SUBJECT ADDED ENTRY--TOPICAL TERM | |
| Topical term or geographic name entry element | STRUCTURAL FAILURES |
| 690 ## - LOCAL SUBJECT ADDED ENTRY--TOPICAL TERM (OCLC, RLIN) | |
| Topical term or geographic name as entry element | BUILT ENVIRONMENT-BUILDING MATERIALS |
| 942 ## - ADDED ENTRY ELEMENTS (KOHA) | |
| Suppress in OPAC | 0 |
| 948 ## - LOCAL PROCESSING INFORMATION (OCLC); SERIES PART DESIGNATOR (RLIN) | |
| c (OCLC) | 04/03/1997 |
| Withdrawn status | Lost status | Source of classification or shelving scheme | Damaged status | Not for loan | Home library | Current library | Shelving location | Date acquired | Total Checkouts | Full call number | Barcode | Date last seen | Copy number | Price effective from | Koha item type |
|---|---|---|---|---|---|---|---|---|---|---|---|---|---|---|---|
| Dewey Decimal Classification | London | London | Journal article | 14/09/1999 | ABS54483 | 10701-1001 | 06/08/2019 | 1 | 06/08/2019 | Journal article |